000 00505nam a2200181Ia 4500
999 _c13999
_d13999
003 OSt
005 20201021101855.0
008 190216s9999||||xx |||||||||||||| ||und||
020 _a9781853261466
040 _coclc
082 _a398.8
_bRAC/M
100 _aRackham, Arthur
_96004
245 0 _aMother Goose /
_cArthur Rackham
260 _bWordsworth Classics ,
_c1994.
_aEngland:
300 _a159p
650 _aEnglish Poetry
942 _cBK
_2ddc
_h398.8
_iRAC/M
_k398.8
_mRAC/M